Quá trình poisson không thuần nhất và ứng dụng trong độ tin cậy phần mềm : Luận văn tốt nghiệp cao học. Ngành Lý thuyết xác suất và thống kê toán học
Dề tài nghiên cứu qui luật lỗi và qui trình xác định qui luật lỗi phần mềm qua đó có thể dự báo sự xuất hiện lỗi
Đã lưu trong:
| 主要作者: | |
|---|---|
| 格式: | 图书 |
| 语言: | Undetermined |
| 出版: |
Cần Thơ
Trường Đại học Cần Thơ
2009
|
| 主题: | |
| 标签: |
添加标签
没有标签, 成为第一个标记此记录!
|
| Thư viện lưu trữ: | Trung tâm Học liệu Trường Đại học Cần Thơ |
|---|
| LEADER | 01042nam a2200217Ia 4500 | ||
|---|---|---|---|
| 001 | CTU_183172 | ||
| 008 | 210402s9999 xx 000 0 und d | ||
| 082 | |a 519.23 | ||
| 082 | |b Ph300 | ||
| 088 | |a 60460106 | ||
| 100 | |a Trần, Quốc Phi | ||
| 245 | 0 | |a Quá trình poisson không thuần nhất và ứng dụng trong độ tin cậy phần mềm : | |
| 245 | 0 | |b Luận văn tốt nghiệp cao học. Ngành Lý thuyết xác suất và thống kê toán học | |
| 245 | 0 | |c Trần Quốc Phi ; Tô Anh Dũng (Hướng dẫn khoa học) | |
| 260 | |a Cần Thơ | ||
| 260 | |b Trường Đại học Cần Thơ | ||
| 260 | |c 2009 | ||
| 520 | |a Dề tài nghiên cứu qui luật lỗi và qui trình xác định qui luật lỗi phần mềm qua đó có thể dự báo sự xuất hiện lỗi | ||
| 650 | |a Poisson processes,Quá trình Poisson | ||
| 904 | |i Huỳnh Mai | ||
| 980 | |a Trung tâm Học liệu Trường Đại học Cần Thơ | ||